Los grandes músicos (Record no. 148792)

MARC details
000 -LEADER
campo de control de longitud fija 00676nam a2200205 i 4500
001 - NÚMERO DE CONTROL
campo de control 148792
003 - IDENTIFICADOR DE NÚMERO DE CONTROL
campo de control ES-MaACL
005 - FECHA Y HORA DE LA ÚLTIMA TRANSACCIÓN
campo de control 20250610152237.0
007 - CAMPO FIJO DE DESCRIPCIÓN FÍSICA--INFORMACIÓN GENERAL
campo de control de longitud fija t|
008 - DATOS DE LONGITUD FIJA--INFORMACIÓN GENERAL
campo de control de longitud fija 070214s1907 sp r ||||1| spa d
100 1# - ENTRADA PRINCIPAL--NOMBRE DE PERSONA
Nombre de persona Subirá, José,
Fechas asociadas al nombre 1882-1980
9 (RLIN) 108686
245 14 - MENCIÓN DEL TÍTULO
Título Los grandes músicos
Resto del título : Bach, Beethoven, Wagner /
Mención de responsabilidad, etc. José Subirá.
260 ## - PUBLICACIÓN, DISTRIBUCIÓN, ETC.
Lugar de publicación, distribución, etc. Madrid :
Nombre del editor, distribuidor, etc. [s. n.],
Fecha de publicación, distribución, etc. 1907 (
Fabricante Tip. Archivos)
300 ## - DESCRIPCIÓN FÍSICA
Extensión 132 p. ;
Dimensiones 17 cm.
600 04 - PUNTO DE ACCESO ADICIONAL DE MATERIA--NOMBRE DE PERSONA
Nombre de persona Bach, Johann Sebastian,
Fechas asociadas al nombre 1685-1750
9 (RLIN) 24454
600 17 - PUNTO DE ACCESO ADICIONAL DE MATERIA--NOMBRE DE PERSONA
Nombre de persona Beethoven, Ludwig van,
Fechas asociadas al nombre 1770-1827
Fuente del encabezamiento o término embne
9 (RLIN) 240507
600 14 - PUNTO DE ACCESO ADICIONAL DE MATERIA--NOMBRE DE PERSONA
Nombre de persona Wagner, Richard,
Fechas asociadas al nombre 1813-1883
9 (RLIN) 240522
852 ## - LOCALIZACIÓN
Ubicación ES-MaACL
Número de control de estantería F-10407
Holdings
Estatus retirado Estado de pérdida Estado de daño No para préstamo Biblioteca de origen Biblioteca actual Ubicación en estantería Fecha de adquisición Fuente de adquisición Total de préstamos Signatura topográfica completa Código de barras Visto por última vez Precio de reemplazo Tipo de ítem Koha
        Biblioteca del Ateneo de Madrid Biblioteca del Ateneo de Madrid Sala Pecera Planta 2 17/01/2008     F-10407 1155274 23/02/2023 23/02/2023 Libro impreso